Vishnudharmottarapuranam (Record no. 50092)

000 -LEADER
fixed length control field 00347nam a22001571a 4500
082 ## - DEWEY DECIMAL CLASSIFICATION NUMBER
Classification number S 294.592 5
Item number VIS
245 ## - TITLE STATEMENT
Title Vishnudharmottarapuranam
260 ## - PUBLICATION, DISTRIBUTION, ETC. (IMPRINT)
Place of publication Delhi:
Name of publisher Nag,
Year of publication 1998.
300 ## - PHYSICAL DESCRIPTION
Number of Pages
650 ## - SUBJECT ADDED ENTRY--TOPICAL TERM
Topical Term Visnudharmottarapurana
650 ## - SUBJECT ADDED ENTRY--TOPICAL TERM
Topical Term Purana
650 ## - SUBJECT ADDED ENTRY--TOPICAL TERM
Topical Term Vedic Literature
650 ## - SUBJECT ADDED ENTRY--TOPICAL TERM
Topical Term Hinduism
650 ## - SUBJECT ADDED ENTRY--TOPICAL TERM
Topical Term Religion
942 ## - ADDED ENTRY ELEMENTS (KOHA)
Koha item type Book
Holdings
Withdrawn status Lost status Damaged status Not for loan Permanent Location Current Location Date acquired Cost, normal purchase price Full call number Accession Number Cost, replacement price Price effective from Koha item type
        Sree Sankaracharya University of Sanskrit Sree Sankaracharya University of Sanskrit 08.01.2015 900.00 R S 294.592 5 VIS 052851 0.00 08.01.2015 Reference